| 000 | 00811nam a2200229 i 4500 | ||
|---|---|---|---|
| 001 | 133571 | ||
| 003 | ES-MaACL | ||
| 005 | 20250801223405.0 | ||
| 007 | t| | ||
| 008 | 070821q1940 sp |||| | spa d | ||
| 100 | 1 |
_aStevens, E. W. _9108156 |
|
| 245 | 1 | 0 |
_aPara tener la palabra fácil / _cE. W. Stevens. |
| 250 | _a2ª ed. corr. y amp. por Federico Climent Terrer. | ||
| 260 |
_aBarcelona : _bSintes, _c[ca. 1940] |
||
| 300 |
_a125 p. ; _c18 cm. |
||
| 490 | 1 |
_aLas diez obras estimulantes del Dr. E. W. Stevens ; _v1 |
|
| 650 | 4 |
_aLengua española- _xGramática- _vEjercicios prácticos. _9163211 |
|
| 700 | 1 |
_aCliment Terrer, Federico, _d1860-ca. 1949 _939265 |
|
| 830 | 0 |
_aLas diez obras estimulantes del Dr. E. W. Stevens ; _v1 _9186939 |
|
| 852 |
_aES-MaACL _jB-10127 |
||
| 999 |
_c133571 _d133571 |
||